Mižnacional'ni vidnosyny i nacional'ni menšyny Ukrajiny stan perspektyvy

Bibliographic Details
Other Authors: Čilačava, Raul' Šalvovyč, 1948- (Compiler), Pylypenko, Tetjana Ivanivna (Compiler)
Format: Book
Language:Ukrainian
PhysicalDescription:382 s. tab. 21 cm
Published: Kyjiv Holovna specializovana redakcija literatury movamy nacional'nych menšyn Ukrajiny 2004
ISBN:9665221132 (viaz.)
Subjects:

MARC

LEADER 00000nam a2200000 a 4500
001 vtls010468716
003 SK-MaSNL
005 20260301174057.0
008 121113s2004 un a f b 000 0 ukr
020 |a 9665221132 (viaz.) 
040 |a SNK  |b slo  |c SNK  |e AACR2 
041 0 |a ukr 
043 |a e-un--- 
044 |a un  |c UA 
072 7 |a 323  |x Vnútropolitický vývoj, politický život  |2 konspekt 
080 |a 323.15  |2 2001 
080 |a 323.1:316.022.4  |2 2001 
080 |a 341.24  |2 2001 
080 |a 327  |2 2001 
080 |a (477)  |2 2001 
080 |a (048.8:082)  |2 2001 
080 |a (094.5)  |2 2001 
245 0 0 |a Mižnacional'ni vidnosyny i nacional'ni menšyny Ukrajiny  |b stan perspektyvy  |c za redakcijeju profesora Raulja Čilačavy ; [uporjadnyky Čilačava Raul' Šalvovyč, Pylypenko Tetjana Ivanivna] 
260 |a Kyjiv  |b Holovna specializovana redakcija literatury movamy nacional'nych menšyn Ukrajiny  |c 2004 
300 |a 382 s.  |b tab.  |c 21 cm 
366 |e 1000 výt. 
504 |a Bibliografie pod čiarou 
650 0 7 |a národnostné menšiny  |2 SNKPH  |9 2669 
650 0 7 |a menšinová politika  |2 SNKPH  |9 275852 
650 0 7 |a medzinárodné zmluvy  |2 SNKPH  |9 67291 
650 0 7 |a National minorities  |2 SNKPHeng  |9 319215 
650 0 7 |a Minority policy  |2 SNKPHeng  |9 275853 
650 0 7 |a International treaties  |2 SNKPHeng  |9 286816 
651 7 |a Ukrajina  |2 SNKPH  |9 168045 
651 7 |a Ukraine  |2 SNKPHeng  |9 266376 
655 7 |a kolektívne monografie  |2 SNKPH  |9 249850 
655 7 |a zákony  |2 SNKPH  |9 70186 
655 7 |a právne predpisy  |2 SNKPH  |9 70481 
655 7 |a Collective monographs  |2 SNKPHeng  |9 125747 
655 7 |a Laws  |2 SNKPHeng  |9 266957 
655 7 |a Legal regulations  |2 SNKPHeng  |9 266958 
700 1 |a Čilačava, Raul' Šalvovyč,  |d 1948-  |4 com  |4 red  |9 545903 
700 1 |a Pylypenko, Tetjana Ivanivna  |4 com  |9 545904 
919 |a 966-522-113-2 
999 |c 838613  |d 840543 
952 |a SNK  |b SNK  |y VYP  |7 0  |p 17A1060560  |o snkIC 140518  |i snk2013/1002  |8 1  |g 12.00  |0 0  |1 0  |4 0  |d 2012-11-13  |l 0  |r 2026-02-24 04:01:52  |w 2026-02-24